000 00654nam a2200241Ia 4500
003 OSt
005 20221007081450.0
006 a|||||r|||| 00| 0
007 ta
008 221006b |||||||| |||| 00| 0 eng d
024 _a46,063
037 _cTextual
040 _aFLL
_cFLL
_beng
041 _2eng
_aeng
082 _aZ3,3, R0
100 _aHUGHES-DAVIES Timon Au.
_9697321
245 0 _aTort law
260 _aNew York
_bRoutledge USA
_c2020
300 _axxxv,372p.
_ccm.
700 _a TAMBLYN Nathan Au.
_9697322
942 _hZ3,3, R0
_cTEXL
_2CC
999 _c1163127
_d1163127